00663nam a2200181 a 450000100100000000500170001000800410002704000250006808200160009310000370010924500870014626000440023330000210027750400430029804900090034195201140035099900170046400001378620200929163340.0091130s1990 dr 001 0 spa d aDO-SdBNPbspacBNPHU axxxxbE799e1 aEstévez Medina, Arcenio93127710aEnfermedades comunes tratadas con plantas medicinales /cArcenio Estévez Medina. aSanto Domingo :bEditora Mariel,c1990. a100 p. ;c22 cm. aIncluye bibliografía (p. 97 -- 100 ) aBNPD 0010718PDaPDbPDcCTd2009-11-30iLF1l0oxxxx E799ep13786-10r2020-06-25w2020-06-25yLFPDZNo se presta c13398d13398